000 00305nam a22001337a 4500
008 180924b xxu||||| |||| 00| 0 eng d
020 _a9780781747431
041 _aeng
080 _24th
_a610.73
100 _a1
101 _aINF
245 _aPerspectives on Nursing Theory
_cReed,P.G
942 _2udc
_cBK
999 _c48377
_d48377